| 000 | 00525nam a22002177a 4500 | ||
|---|---|---|---|
| 003 | UA-OsUOA | ||
| 001 | 20257 | ||
| 007 | ta | ||
| 008 | 20040514b un ||||| |||| 00| 0 ukr d | ||
| 090 | _bВ-119 | ||
| 942 | _cBK | ||
| 040 |
_aUA-OsUOA _bukr _cUA-OsUOA _dUA-OsUOA |
||
| 245 |
_aВітає Рівненщина ! _b[Буклет] |
||
| 300 | _a10 с. | ||
| 955 | _a0 | ||
| 041 | _aukr | ||
| 591 | _a66.3(4Укр-4Рів) | ||
| 260 |
_aРівне _c2004 |
||
| 044 | _aUA | ||
| 650 | 7 |
_aКраєзнавча робота _2UDC |
|
| 999 |
_c306432 _d306432 |
||